Communes du Rhône (69D) de plus de 10000 habitants - Statistiques

Statistiques générales
  • Ce quiz a été pris 30 fois
  • Le résultat moyen est 3 sur 5
Statistiques - réponses
Habitants Communes % Correct
36224 Villefranche-sur-Saône
83%
13767 Belleville-en-Beaujolais
67%
10881 Tarare
61%
12330 Brignais
39%
13446 Genas
28%
Aucun quiz correspondant
Distribution des résultats
% des personnes avec chaque résultat
Percentile par nombre de réponses
Votre historique - résultats
Vous n’avez pas pris ce quiz